Country by Initials of Country/Capital City/Continent/Language/Currency - Statistics

General Stats
  • This quiz has been taken 56 times
  • The average score is 7 of 15
Answer Stats
INITIALS COUNTRY % Correct
AAAAD Algeria (Africa, Algiers, Arabic, Dinar)
84%
BEEGG Germany (Europe, Berlin, German, Euro)
64%
EEIIR Italy (Europe, Rome, Italian, Euro)
58%
EHKUU Ukraine (Europe, Kiev, Ukrainian, Hryvnia)
58%
AEKLZ Zambia (Africa, Lusaka, English, Kwacha)
58%
EELLR Latvia (Europe, Riga, Latvian, Euro)
53%
AARSY Yemen (Asia, Sana'a, Arabic, Rial)
53%
BEFHH Hungary (Europe, Budapest, Hungarian, Forint)
51%
CCEKP Czech Republic (Europe, Prague, Czech, Koruna)
49%
DENOY Nauru (Oceania, Yaren, English, Dollar)
31%
AAAKP Afghanistan (Asia, Kabul, Pashto & Persian, Afghani)
29%
ABCCY China (Asia, Beijing, Chinese, Yuan)
27%
AABDI Iraq (Asia, Baghdad, Arabic, Dinar)
24%
AAABM Azerbaijan (Asia, Baku, Azerbaijani, Manat)
20%
AABLP Lebanon (Asia, Beirut, Arabic, Pound)
9%
No matching quizzes found
Score Distribution
Percent of People with Each Score
Percentile by Number Answered
Your Score History
You have not taken this quiz